[Event "36th Zalakaros Festival 2017"]
[Site "Zalakaros"]
[Date "2017.05.20"]
[Round "3"]
[White "Banzea, Alexandru-Bogdan"]
[Black "Juhasz, Armin"]
[Result "1-0"]
[WhiteElo "2278"]
[BlackElo "2410"]
[Annotator "TA"]
[PlyCount "71"]
[EventDate "2017.??.??"]
[EventType "swiss"]
[EventCountry "HUN"]
[SourceTitle "playchess.com"]
[Source "ChessBase"]
[SourceQuality "1"]

{[%evp 19,71,10,0,0,20,-50,-35,-39,-20,-40,-19,-43,-41,-61,-74,-62,-66,-71,-46,-74,-45,-56,-42,-55,-57,-52,-53,-47,-51,-33,0,-18,24,21,30,0,18,0,111,111,107,110,112,100,115,-4,296,148,3266,3074,29988,29989,29989,29990]} 1. e4 c5 2. Nf3 e6 3. d4 cxd4 4. Nxd4 Nc6 5. Nc3 a6 6. Be2 Qc7 7. Be3 Nf6 8. O-O Bb4 9. Na4 Be7 10. c4 Nxe4 11. Rc1 $1 {B49: Sicilian: Taimanov: 5 Nc3 Qc7 6 Be3 a6 7 Be2} Nf6 $146 ({Predecessor:} 11... O-O 12. c5 Rd8 13. Bf3 Ng5 14. Bh5 g6 15. h4 Ne4 16. Bf3 Nf6 17. Bg5 Rb8 18. Re1 e5 19. Nb3 d5 20. cxd6 Rxd6 {½-½ (34) Zeller,F (2420)-Bogner,S (2522) Bad Liebenzell 2010}) 12. f4 ({White should try} 12. Nb6 $11 Qxb6 13. Nxe6 $1 {[%mdl 512]}) 12... d6 13. Nb3 {Black is slightly better.} Nd7 14. Bf3 O-O 15. c5 d5 16. Nb6 Nxb6 17. cxb6 Qd8 18. Qd2 Bd7 19. Rfd1 Bf6 20. Nc5 Rb8 21. b4 Be8 22. Bf2 Ne7 23. a4 Bc6 24. a5 Bb5 25. Be2 Qe8 26. Bxb5 Qxb5 27. Qd3 {Hoping for Qxb5.} Qxd3 28. Rxd3 Rfd8 (28... Rfc8 $11 {remains equal.}) 29. b5 $1 $16 axb5 {[#]} 30. Nxb7 $1 {[%mdl 512]} Rxb7 31. a6 Rbd7 32. b7 (32. Rb3 $1 $16 d4 33. b7) 32... d4 $2 {[%mdl 8192] [#]} (32... Rb8 $1 $11 {and Black stays safe.}) 33. Bxd4 ({White has to play} 33. g4 $1 $18) 33... Nd5 $2 {[%mdl 8192]} ({But not} 33... Bxd4+ $2 {[#]} 34. Rxd4 $1 {[%mdl 512]} Rxd4 35. a7 $18) (33... Rxd4 $16 34. a7 Rxd3) 34. Bxf6 $18 gxf6 35. Rc8 Kg7 36. b8=Q {Precision: White = 52%, Black = 29%.} 1-0

[Event "36th Zalakaros Festival 2017"]
[Site "Zalakaros"]
[Date "2017.05.20"]
[Round "3"]
[White "Rigo, Janos"]
[Black "Meszaros, Tamas"]
[Result "0-1"]
[WhiteElo "2236"]
[BlackElo "2401"]
[Annotator "NA"]
[PlyCount "66"]
[EventDate "2017.??.??"]
[EventType "swiss"]
[EventCountry "HUN"]
[SourceTitle "playchess.com"]
[Source "ChessBase"]
[SourceQuality "1"]
[TimeControl "40/5400+30:1800+30"]

1. e4 {[%emt 0:00:08]} e5 {[%emt 0:00:39]} 2. Nf3 {[%emt 0:00:05]} Nc6 {[%emt 0:00:04]} 3. Bb5 {[%emt 0:00:07]} f5 {[%emt 0:00:06]} 4. d3 {[%emt 0:00:36]} fxe4 {[%emt 0:00:06]} 5. dxe4 {[%emt 0:00:07]} Nf6 {[%emt 0:00:05]} 6. O-O {[%emt 0:01:40]} d6 {[%emt 0:00:04]} 7. Nc3 {[%emt 0:00:21]} Be7 {[%emt 0:00:07]} 8. h3 {[%emt 0:06:11]} O-O {[%emt 0:01:43]} 9. a4 {[%emt 0:00:42]} Qe8 {[%emt 0:12:05]} 10. Nd5 {[%emt 0:03:23]} Bd8 {[%emt 0:29:56]} 11. Ra3 {[%emt 0:04:30]} Nxe4 {[%emt 0:11:22]} 12. Nxc7 {[%emt 0:00:23]} Bxc7 {[%emt 0:03:05]} 13. Qd5+ {[%emt 0:03:14]} Qf7 {[%emt 0:07:53]} 14. Qxe4 {[%emt 0:00:09]} d5 {[%emt 0:00:08]} 15. Qh4 {[%emt 0:00:12]} e4 {[%emt 0:03:59]} 16. Ng5 {[%emt 0:06:23]} Qg6 {[%emt 0:00:08]} 17. c4 {[%emt 0:03:33]} h6 {[%emt 0:03:00]} 18. cxd5 {[%emt 0:02:10]} hxg5 {[%emt 0:00:06]} 19. Bxg5 {[%emt 0:00:02]} Nd4 {[%emt 0:00:35]} 20. Bc4 {[%emt 0:05:23]} Bd6 {[%emt 0:06:34]} 21. f4 {[%emt 0:05:50]} Bxa3 {[%emt 0:04:32]} 22. bxa3 {[%emt 0:00:31]} Nf5 {[%emt 0:01:28]} 23. Qe1 {[%emt 0:01:00]} Qb6+ {[%emt 0:00:43]} 24. Kh1 {[%emt 0:00:41]} Qe3 {[%emt 0:03:08]} 25. d6+ {[%emt 0:01:03]} Kh7 {[%emt 0:01:12]} 26. Qd1 {[%emt 0:03:15]} Ng3+ {[%emt 0:00:45]} 27. Kh2 {[%emt 0:00:07]} Nxf1+ {[%emt 0:00:04]} 28. Bxf1 {[%emt 0:00:05]} Be6 {[%emt 0:01:48]} 29. d7 {[%emt 0:00:26]} Qb6 {[%emt 0:02:17]} 30. f5 {[%emt 0:01:31]} Rxf5 {[%emt 0:04:10]} 31. d8=Q {[%emt 0:01:41]} Rxd8 {[%emt 0:00:01]} 32. Bxd8 {[%emt 0:00:22]} Qf2 {[%emt 0:00:37]} 33. Qd6 {[%emt 0:01:24]} Bd5 {[%emt 0:01:44]} 0-1

[Event "36th Zalakaros Festival 2017"]
[Site "Zalakaros"]
[Date "2017.05.20"]
[Round "3"]
[White "Czupor, Attila"]
[Black "Paszewski, Mateusz"]
[Result "0-1"]
[WhiteElo "2230"]
[BlackElo "2327"]
[Annotator "NA"]
[PlyCount "98"]
[EventDate "2017.??.??"]
[EventType "swiss"]
[EventCountry "HUN"]
[SourceTitle "playchess.com"]
[Source "ChessBase"]
[SourceQuality "1"]
[TimeControl "40/5400+30:1800+30"]

1. e4 {[%emt 0:00:10]} c5 {[%emt 0:00:32]} 2. Nf3 {[%emt 0:00:15]} g6 {[%emt 0:00:02]} 3. d4 {[%emt 0:00:13]} cxd4 {[%emt 0:00:02]} 4. Nxd4 {[%emt 0:00:09]} Bg7 {[%emt 0:00:02]} 5. c4 {[%emt 0:01:06]} Nc6 {[%emt 0:00:02]} 6. Be3 {[%emt 0:00:32]} Nf6 {[%emt 0:00:11]} 7. Nc3 {[%emt 0:00:11]} d6 {[%emt 0:00:04]} 8. Be2 {[%emt 0:02:24]} O-O {[%emt 0:00:04]} 9. O-O {[%emt 0:00:30]} Bd7 {[%emt 0:00:03]} 10. Rc1 {[%emt 0:00:33]} Nxd4 {[%emt 0:02:06]} 11. Bxd4 {[%emt 0:00:32]} Bc6 {[%emt 0:00:13]} 12. f3 {[%emt 0:01:11]} a5 {[%emt 0:00:07]} 13. b3 {[%emt 0:01:30]} Nd7 {[%emt 0:02:21]} 14. Be3 {[%emt 0:00:55]} Nc5 {[%emt 0:00:17]} 15. Qc2 {[%emt 0:01:25]} Qb6 {[%emt 0:12:57]} 16. Rb1 {[%emt 0:04:17]} Rfc8 {[%emt 0:15:44]} 17. a3 {[%emt 0:02:44]} Qd8 {[%emt 0:01:22]} 18. b4 {[%emt 0:04:27]} axb4 {[%emt 0:00:52]} 19. axb4 {[%emt 0:00:12]} Ra3 {[%emt 0:06:50]} 20. Bd2 {[%emt 0:19:23]} Na4 {[%emt 0:10:35]} 21. Nd1 {[%emt 0:22:49]} Nb6 {[%emt 0:06:19]} 22. b5 {[%emt 0:13:31]} Bd4+ {[%emt 0:06:58]} 23. Kh1 {[%emt 0:02:43]} Bd7 {[%emt 0:00:01]} 24. Bb4 {[%emt 0:01:18]} Ra7 {[%emt 0:13:32]} 25. Bc3 {[%emt 0:03:31]} Bxc3 {[%emt 0:00:55]} 26. Qxc3 {[%emt 0:00:22]} Be6 {[%emt 0:01:21]} 27. Ne3 {[%emt 0:00:59]} Qc7 {[%emt 0:00:19]} 28. f4 {[%emt 0:05:35]} f6 {[%emt 0:03:34]} 29. Ra1 {[%emt 0:06:17]} Rxa1 {[%emt 0:02:07]} 30. Rxa1 {[%emt 0:00:10]} Qc5 {[%emt 0:00:02]} 31. g4 {[%emt 0:02:40]} Nxc4 {[%emt 0:07:51]} 32. f5 {[%emt 0:02:35]} Bf7 {[%emt 0:01:48]} 33. Bxc4 {[%emt 0:00:33]} Bxc4 {[%emt 0:00:01]} 34. Nxc4 {[%emt 0:00:36]} Qxc4 {[%emt 0:00:01]} 35. Qxc4+ {[%emt 0:00:06]} Rxc4 {[%emt 0:00:02]} 36. Ra7 {[%emt 0:00:29]} Rxe4 {[%emt 0:01:20]} 37. Rxb7 {[%emt 0:00:35]} Kf7 {[%emt 0:00:05]} 38. fxg6+ {[%emt 0:00:55]} hxg6 {[%emt 0:00:01]} 39. h3 {[%emt 0:00:12]} Re2 {[%emt 0:00:10]} 40. Rb8 {[%emt 0:00:00]} g5 {[%emt 0:04:55]} 41. b6 {[%emt 0:01:13]} Ke6 {[%emt 0:04:36]} 42. b7 {[%emt 0:01:59]} Rb2 {[%emt 0:00:53]} 43. Kg1 {[%emt 0:00:10]} d5 {[%emt 0:01:05]} 44. Kf1 {[%emt 0:00:12]} Ke5 {[%emt 0:00:03]} 45. Ke1 {[%emt 0:00:20]} d4 {[%emt 0:00:38]} 46. Kd1 {[%emt 0:00:13]} Ke4 {[%emt 0:00:17]} 47. Kc1 {[%emt 0:00:09]} Rb6 {[%emt 0:00:08]} 48. Kd2 {[%emt 0:00:43]} Rb5 {[%emt 0:01:02]} 49. Kc2 {[%emt 0:01:15]} Ke3 {[%emt 0:00:20]} 0-1

[Event "36th Zalakaros Festival 2017"]
[Site "Zalakaros"]
[Date "2017.05.20"]
[Round "3"]
[White "Szukics, Adam"]
[Black "Borsos, Bogdan"]
[Result "1/2-1/2"]
[WhiteElo "2229"]
[BlackElo "2321"]
[Annotator "NA"]
[PlyCount "97"]
[EventDate "2017.??.??"]
[EventType "swiss"]
[EventCountry "HUN"]
[SourceTitle "playchess.com"]
[Source "ChessBase"]
[SourceQuality "1"]
[TimeControl "40/5400+30:1800+30"]

1. e4 {[%emt 0:00:09]} e5 {[%emt 0:02:46]} 2. Nf3 {[%emt 0:00:10]} Nc6 {[%emt 0:00:05]} 3. Bb5 {[%emt 0:00:08]} Nf6 {[%emt 0:00:05]} 4. d3 {[%emt 0:00:17]} Bc5 {[%emt 0:00:05]} 5. c3 {[%emt 0:00:07]} O-O {[%emt 0:00:20]} 6. O-O {[%emt 0:00:23]} d6 {[%emt 0:01:20]} 7. Nbd2 {[%emt 0:00:17]} Bb6 {[%emt 0:02:13]} 8. Nc4 {[%emt 0:00:45]} Ne7 {[%emt 0:00:32]} 9. Bg5 {[%emt 0:08:02]} c6 {[%emt 0:00:12]} 10. Ba4 {[%emt 0:02:11]} Bc7 {[%emt 0:01:12]} 11. Bxf6 {[%emt 0:01:44]} gxf6 {[%emt 0:00:03]} 12. Ne3 {[%emt 0:03:53]} Kh8 {[%emt 0:00:11]} 13. Nh4 {[%emt 0:03:52]} Rg8 {[%emt 0:02:01]} 14. Bb3 {[%emt 0:04:17]} Be6 {[%emt 0:10:42]} 15. Qf3 {[%emt 0:05:29]} Ng6 {[%emt 0:00:29]} 16. Nhf5 {[%emt 0:03:00]} Qf8 {[%emt 0:10:49]} 17. Rad1 {[%emt 0:16:21]} Ne7 {[%emt 0:14:00]} 18. Nxe7 {[%emt 0:08:01]} Qxe7 {[%emt 0:00:12]} 19. Kh1 {[%emt 0:01:20]} Rg5 {[%emt 0:01:41]} 20. h4 {[%emt 0:06:09]} Rg6 {[%emt 0:00:11]} 21. Nf5 {[%emt 0:02:01]} Qd7 {[%emt 0:02:35]} 22. g4 {[%emt 0:04:48]} Rag8 {[%emt 0:10:26]} 23. Rg1 {[%emt 0:01:43]} d5 {[%emt 0:01:42]} 24. Kh2 {[%emt 0:11:26]} Rd8 {[%emt 0:06:56]} 25. Kh3 {[%emt 0:06:20]} a5 {[%emt 0:04:13]} 26. Bc2 {[%emt 0:02:02]} Rdg8 {[%emt 0:02:42]} 27. Kh2 {[%emt 0:03:22]} Ra8 {[%emt 0:07:08]} 28. a4 {[%emt 0:01:43]} c5 {[%emt 0:03:10]} 29. Ne3 {[%emt 0:01:33]} d4 {[%emt 0:00:27]} 30. Nf5 {[%emt 0:00:16]} Rag8 {[%emt 0:01:04]} 31. c4 {[%emt 0:00:58]} Bd6 {[%emt 0:07:58]} 32. Rg3 {[%emt 0:02:07]} Bf8 {[%emt 0:00:32]} 33. h5 {[%emt 0:00:56]} Rg5 {[%emt 0:00:20]} 34. Rdg1 {[%emt 0:00:09]} Bxf5 {[%emt 0:01:21]} 35. gxf5 {[%emt 0:00:48]} Bh6 {[%emt 0:00:17]} 36. Kh3 {[%emt 0:00:26]} Qd8 {[%emt 0:00:13]} 37. Bd1 {[%emt 0:00:32]} Qb6 {[%emt 0:00:10]} 38. Qe2 {[%emt 0:00:33]} Qb4 {[%emt 0:00:25]} 39. R1g2 {[%emt 0:00:30]} R8g7 {[%emt 0:01:03]} 40. Rg1 {[%emt 0:00:00]} Kg8 {[%emt 0:01:21]} 41. Qc2 {[%emt 0:06:06]} Kf8 {[%emt 0:02:31]} 42. Qe2 {[%emt 0:01:18]} Ke7 {[%emt 0:00:15]} 43. Qc2 {[%emt 0:00:24]} Rxg3+ {[%emt 0:01:34]} 44. fxg3 {[%emt 0:01:11]} Be3 {[%emt 0:00:19]} 45. Rf1 {[%emt 0:01:24]} Rg5 {[%emt 0:00:13]} 46. Rh1 {[%emt 0:01:57]} Kf8 {[%emt 0:00:36]} 47. Rf1 {[%emt 0:00:31]} Kg7 {[%emt 0:00:11]} 48. Rh1 {[%emt 0:01:32]} Kh6 {[%emt 0:00:10]} 49. Rf1 {[%emt 0:00:22]} 1/2-1/2

[Event "36th Zalakaros Festival 2017"]
[Site "Zalakaros"]
[Date "2017.05.20"]
[Round "3"]
[White "Jakab, Bela"]
[Black "Beletic, Daniel"]
[Result "0-1"]
[WhiteElo "2216"]
[BlackElo "2315"]
[Annotator "NA"]
[PlyCount "54"]
[EventDate "2017.??.??"]
[EventType "swiss"]
[EventCountry "HUN"]
[SourceTitle "playchess.com"]
[Source "ChessBase"]
[SourceQuality "1"]
[TimeControl "40/5400+30:1800+30"]

1. e4 {[%emt 0:00:03]} g6 {[%emt 0:01:37]} 2. d4 {[%emt 0:00:06]} Bg7 {[%emt 0:00:25]} 3. Nc3 {[%emt 0:00:22]} d6 {[%emt 0:00:36]} 4. f4 {[%emt 0:00:21]} a6 {[%emt 0:00:39]} 5. Nf3 {[%emt 0:00:41]} b5 {[%emt 0:00:41]} 6. a3 {[%emt 0:02:04]} Bb7 {[%emt 0:01:25]} 7. Bd3 {[%emt 0:03:04]} Nd7 {[%emt 0:01:53]} 8. O-O {[%emt 0:01:02]} c5 {[%emt 0:02:30]} 9. Be3 {[%emt 0:02:29]} cxd4 {[%emt 0:01:06]} 10. Nxd4 {[%emt 0:00:47]} Ngf6 {[%emt 0:00:45]} 11. Kh1 {[%emt 0:06:37]} Rc8 {[%emt 0:01:10]} 12. Qe1 {[%emt 0:05:07]} O-O {[%emt 0:07:09]} 13. Nb3 {[%emt 0:08:42]} e6 {[%emt 0:13:22]} 14. Rd1 {[%emt 0:05:35]} Re8 {[%emt 0:16:19]} 15. Qg3 {[%emt 0:09:51]} Rxc3 {[%emt 0:05:03]} 16. bxc3 {[%emt 0:00:07]} Bxe4 {[%emt 0:01:24]} 17. Bd4 {[%emt 0:04:38]} Qa8 {[%emt 0:03:51]} 18. Rfe1 {[%emt 0:05:46]} Rc8 {[%emt 0:03:02]} 19. Re2 {[%emt 0:09:27]} Bd5 {[%emt 0:15:52]} 20. h3 {[%emt 0:07:29]} e5 {[%emt 0:02:39]} 21. f5 {[%emt 0:08:53]} Nh5 {[%emt 0:07:07]} 22. Qh4 {[%emt 0:05:20]} Nf4 {[%emt 0:01:34]} 23. fxg6 {[%emt 0:02:12]} hxg6 {[%emt 0:00:16]} 24. Rf2 {[%emt 0:01:40]} Nxg2 {[%emt 0:02:10]} 25. Qe7 {[%emt 0:04:42]} Ne3+ {[%emt 0:00:25]} 26. Kg1 {[%emt 0:00:05]} Nxd1 {[%emt 0:00:19]} 27. Rd2 {[%emt 0:00:55]} exd4 {[%emt 0:00:24]} 0-1

[Event "36th Zalakaros Festival 2017"]
[Site "Zalakaros"]
[Date "2017.05.20"]
[Round "3"]
[White "Pujari, Rucha"]
[Black "Hnydiuk, Aleksander"]
[Result "0-1"]
[WhiteElo "2203"]
[BlackElo "2390"]
[Annotator "NA"]
[PlyCount "66"]
[EventDate "2017.??.??"]
[EventType "swiss"]
[EventCountry "HUN"]
[SourceTitle "playchess.com"]
[Source "ChessBase"]
[SourceQuality "1"]
[TimeControl "40/5400+30:1800+30"]

1. d4 {[%emt 0:00:10]} Nf6 {[%emt 0:07:16]} 2. c4 {[%emt 0:01:08]} g6 {[%emt 0:01:47]} 3. Nf3 {[%emt 0:01:08]} Bg7 {[%emt 0:00:04]} 4. g3 {[%emt 0:00:32]} d5 {[%emt 0:00:07]} 5. Bg2 {[%emt 0:00:24]} dxc4 {[%emt 0:00:05]} 6. O-O {[%emt 0:00:53]} O-O {[%emt 0:00:05]} 7. Na3 {[%emt 0:00:24]} c3 {[%emt 0:00:05]} 8. bxc3 {[%emt 0:00:14]} c5 {[%emt 0:00:04]} 9. e3 {[%emt 0:00:22]} Nc6 {[%emt 0:00:26]} 10. Qe2 {[%emt 0:00:16]} Bf5 {[%emt 0:00:41]} 11. Rd1 {[%emt 0:01:02]} Qb6 {[%emt 0:01:26]} 12. Bb2 {[%emt 0:06:21]} Rfd8 {[%emt 0:04:24]} 13. Nc4 {[%emt 0:13:49]} Qa6 {[%emt 0:02:25]} 14. Bf1 {[%emt 0:00:56]} Qa4 {[%emt 0:01:50]} 15. Nce5 {[%emt 0:08:12]} Nxe5 {[%emt 0:06:01]} 16. Nxe5 {[%emt 0:00:51]} cxd4 {[%emt 0:01:44]} 17. exd4 {[%emt 0:02:56]} Rac8 {[%emt 0:13:40]} 18. c4 {[%emt 0:05:04]} Nd7 {[%emt 0:07:06]} 19. Nxd7 {[%emt 0:06:03]} Rxd7 {[%emt 0:27:06]} 20. g4 {[%emt 0:14:34]} Be6 {[%emt 0:00:46]} 21. d5 {[%emt 0:00:28]} Bxg4 {[%emt 0:00:49]} 22. Qxg4 {[%emt 0:00:02]} Bxb2 {[%emt 0:00:07]} 23. Rab1 {[%emt 0:00:06]} Ba3 {[%emt 0:08:22]} 24. Rxb7 {[%emt 0:12:11]} Qxd1 {[%emt 0:02:56]} 25. Qxd1 {[%emt 0:09:42]} Rxb7 {[%emt 0:00:04]} 26. c5 {[%emt 0:03:50]} Rxc5 {[%emt 0:00:24]} 27. Qa4 {[%emt 0:00:25]} Rc3 {[%emt 0:02:49]} 28. Bb5 {[%emt 0:07:52]} Bd6 {[%emt 0:01:23]} 29. Kg2 {[%emt 0:00:33]} Bc5 {[%emt 0:05:48]} 30. h3 {[%emt 0:01:31]} Rb6 {[%emt 0:00:42]} 31. f3 {[%emt 0:02:54]} a6 {[%emt 0:00:41]} 32. Bxa6 {[%emt 0:00:33]} Rb2+ {[%emt 0:00:09]} 33. Kg3 {[%emt 0:00:17]} Bd6+ {[%emt 0:00:04]} 0-1

[Event "36th Zalakaros Festival 2017"]
[Site "Zalakaros"]
[Date "2017.05.20"]
[Round "3"]
[White "Csiki, Endre"]
[Black "Hemant, Sharma"]
[Result "0-1"]
[WhiteElo "2200"]
[BlackElo "2380"]
[Annotator "NA"]
[PlyCount "66"]
[EventDate "2017.??.??"]
[EventType "swiss"]
[EventCountry "HUN"]
[SourceTitle "playchess.com"]
[Source "ChessBase"]
[SourceQuality "1"]
[TimeControl "40/5400+30:1800+30"]

1. d4 {[%emt 0:00:03]} Nf6 {[%emt 0:07:24]} 2. c4 {[%emt 0:00:17]} g6 {[%emt 0:02:03]} 3. f3 {[%emt 0:00:09]} d5 {[%emt 0:00:55]} 4. cxd5 {[%emt 0:00:13]} Nxd5 {[%emt 0:00:03]} 5. e4 {[%emt 0:00:11]} Nb6 {[%emt 0:00:04]} 6. Nc3 {[%emt 0:00:17]} Bg7 {[%emt 0:00:12]} 7. Be3 {[%emt 0:00:07]} Nc6 {[%emt 0:02:23]} 8. Bb5 {[%emt 0:00:09]} O-O {[%emt 0:00:16]} 9. Nge2 {[%emt 0:00:08]} a6 {[%emt 0:04:11]} 10. Bxc6 {[%emt 0:00:57]} bxc6 {[%emt 0:00:05]} 11. b3 {[%emt 0:02:15]} a5 {[%emt 0:05:34]} 12. O-O {[%emt 0:01:10]} Ba6 {[%emt 0:00:07]} 13. Rc1 {[%emt 0:03:51]} a4 {[%emt 0:06:09]} 14. Re1 {[%emt 0:06:22]} axb3 {[%emt 0:00:43]} 15. axb3 {[%emt 0:00:18]} Qd7 {[%emt 0:07:40]} 16. Qc2 {[%emt 0:07:53]} Rfb8 {[%emt 0:00:10]} 17. Kh1 {[%emt 0:04:28]} Bxe2 {[%emt 0:13:16]} 18. Nxe2 {[%emt 0:00:51]} Nc8 {[%emt 0:00:05]} 19. Red1 {[%emt 0:11:28]} Nd6 {[%emt 0:10:44]} 20. Rd3 {[%emt 0:15:46]} Ra3 {[%emt 0:10:15]} 21. Rc3 {[%emt 0:12:46]} Rb7 {[%emt 0:03:23]} 22. Rxc6 {[%emt 0:02:42]} Raxb3 {[%emt 0:00:10]} 23. Rxc7 {[%emt 0:01:33]} Qxc7 {[%emt 0:00:19]} 24. Qxb3 {[%emt 0:01:47]} Rxb3 {[%emt 0:00:09]} 25. Rxc7 {[%emt 0:00:05]} Rxe3 {[%emt 0:00:06]} 26. Rc2 {[%emt 0:01:23]} Bxd4 {[%emt 0:00:09]} 27. h3 {[%emt 0:00:13]} Be5 {[%emt 0:00:13]} 28. f4 {[%emt 0:00:41]} Nxe4 {[%emt 0:00:05]} 29. Kg1 {[%emt 0:00:56]} Bf6 {[%emt 0:00:35]} 30. Kf1 {[%emt 0:00:46]} Ng3+ {[%emt 0:00:09]} 31. Nxg3 {[%emt 0:00:19]} Rxg3 {[%emt 0:00:02]} 32. Kf2 {[%emt 0:00:09]} Rc3 {[%emt 0:00:01]} 33. Rd2 {[%emt 0:00:09]} Kg7 {[%emt 0:00:06]} 0-1

[Event "36th Zalakaros Festival 2017"]
[Site "Zalakaros"]
[Date "2017.05.20"]
[Round "3"]
[White "Ugroczky, Peter"]
[Black "Cebalo, Miso"]
[Result "0-1"]
[WhiteElo "2185"]
[BlackElo "2320"]
[Annotator "TA"]
[PlyCount "204"]
[EventDate "2017.??.??"]
[EventType "swiss"]
[EventCountry "HUN"]
[SourceTitle "playchess.com"]
[Source "ChessBase"]
[SourceQuality "1"]

{[%evp 16,204,7,16,53,31,39,0,0,-2,3,-46,-23,-48,-45,-64,-44,-39,0,-62,-58,-89,-105,-147,-130,-146,-77,-98,-106,-111,-118,-141,-133,-138,-128,-129,-81,-149,-134,-130,-112,-158,-148,-150,-131,-137,-129,-117,-123,-232,-228,-341,-275,-500,-486,-465,-450,-720,-135,-142,-12,-12,-8,-16,-12,-13,0,-188,-188,-255,-208,-203,-202,-198,-88,-211,-204,-201,-183,-188,-184,-172,-174,-248,-102,-302,-103,-96,-102,-106,0,-81,-41,-41,-42,-42,-33,-40,-34,-40,-40,-40,-41,-57,-60,-76,-76,-69,-68,-76,-22,-29,0,0,0,0,0,0,0,0,0,0,0,0,0,0,0,0,0,0,0,0,0,0,0,-3,0,-3,-3,-3,-3,-3,-3,-3,-3,-12850,-12850,-29964,-29961,-29965,-29959,-29966,-29968,-29968,-29969,-29967,-29970,-29969,-29970,-29970,-29972,-29972,-29972,-29973,-29974,-29973,-29974,-29975,-29976,-29978,-29979,-29983,-29984,-29984,-29985,-29985,-29986,-29987,-29987,-29988,-29989,-29989,-29983,-29983,-12851,-29988,-29986,-29988,-29989,-29989,-29990]} 1. e4 c5 2. Nf3 d6 3. Bb5+ Nd7 4. d4 cxd4 5. Qxd4 a6 6. Bxd7+ Bxd7 7. O-O e5 8. Qd3 Rc8 {B51: Sicilian: Moscow Variation (3 Bb5+) without 3...Bd7} (8... Be7 9. c4 Nf6 10. Nc3 h6 11. a4 O-O 12. b3 Be6 13. Be3 Ng4 14. Rfd1 Nxe3 15. Qxe3 Rc8 16. Nxe5 Bg5 17. f4 Bxf4 18. Qxf4 dxe5 19. Rxd8 exf4 20. Rxc8 Rxc8 {½-½ (32) Anand,V (2779)-Topalov,V (2760) Saint Louis 2016}) 9. b3 {LiveBook: 6 Games} h6 10. c4 b5 {White is slightly better.} 11. Na3 {[%cal Rc4b5]} Qa5 12. Rd1 $146 ({Predecessor:} 12. Rb1 Nf6 13. Rd1 Be7 14. Nh4 d5 15. b4 dxc4 16. Qxd7+ Nxd7 17. bxa5 Bxh4 {0-1 (26) Sigfusson,S (2350)-Bergsson,S (2175) Reykjavik 2012}) 12... Nf6 13. cxb5 axb5 14. Nb1 Be7 15. Bd2 Qa8 16. Nc3 Qb7 17. Rac1 (17. a4 $11) 17... O-O $15 18. Ne1 Bc6 {[%cal Rf6e4]} 19. f3 Rfd8 20. Be3 Ra8 ({Better is} 20... b4 $1 {[%cal Rb4c3]} 21. Nd5 Bxd5 22. Rxc8 Rxc8 23. exd5 Bd8) 21. Qc2 Rdc8 22. Qd2 b4 23. Nd5 Bxd5 $1 24. Rxc8+ Rxc8 25. exd5 Ra8 26. Bf2 (26. h3 $142) 26... Ra5 $17 {[%cal Rf6d5]} 27. a4 Nxd5 28. Nd3 Bg5 29. Qc2 Be3 30. Re1 Bxf2+ $1 31. Qxf2 Nc3 32. Qh4 (32. Nb2 $17) 32... Rd5 $1 $19 {[%cal Rd5d3]} 33. Nxb4 (33. Nf2 $142) 33... Qb6+ 34. Kh1 $2 (34. Kf1 Rd4 35. Qh3) 34... Rd4 35. Qh3 Qc5 ({Inferior is} 35... Qxb4 36. Qc8+ Kh7 37. Qf5+ Kh8 38. Qc8+ Kh7 39. Qf5+ Kh8 40. Qc8+ Kh7 $11) 36. Nc2 (36. Na6 $142 Qc6 37. Nb8) 36... Rd2 $2 (36... Nd1 $19 {( -> ...Nf2+)} 37. Qg3 Qxc2) 37. b4 $17 Qc4 (37... Qc7 $17 38. Ne3 Nxa4) 38. Ne3 $11 Qd3 ({Much weaker is} 38... Qxb4 $6 39. Qc8+ Kh7 40. Rc1 $16) 39. Qc8+ $1 Kh7 40. h3 Nxa4 $40 {[%mdl 128] White needs to defend precisely.} 41. Nf5 $2 (41. Qd7 $11 Nc3 42. Nf5) 41... Nb6 $1 $19 {[%cal Rb6c8]} 42. Qd8 (42. Qc1 {might work better.}) 42... Qxf5 43. Qxb6 {[%mdl 4096] Endgame [#] KQR-KQR} Qc2 $1 44. Rg1 e4 (44... Qc4 $19 45. b5 f6) 45. fxe4 (45. Qe3 $17) 45... Qxe4 46. b5 Qd5 47. Qc7 Rb2 48. b6 f5 49. Qd8 (49. Kh2 {was called for.}) 49... Qc5 (49... Rb3 $19 {[%cal Rb3h3] and Black stays clearly on top.} 50. Kh2 Qe5+ 51. Kh1 Qe4) 50. Rf1 $2 (50. Qf8 $17) 50... Rxb6 $2 (50... Qc6 $19 {[%csl Gb2][%cal Rc6g2] is more deadly.} 51. Rg1 Rxb6) 51. Qf8 $17 Rb5 52. Rd1 Rb6 53. Rf1 Qe5 (53... Rb7 {is more complex.} 54. Qxf5+ Qxf5 55. Rxf5 Kg6 56. Rd5 Rd7) 54. Qxf5+ Qxf5 55. Rxf5 $15 {KR-KR} Kg6 56. Rf8 Rb2 57. Kh2 Re2 58. Kg3 Re6 59. Rd8 Kf5 60. Kf3 Ke5 61. Ke3 Kd5+ 62. Kd3 $1 Rg6 (62... Rf6 $17 63. Rd7 g6) 63. g4 $11 Rf6 64. Rd7 $1 g5 65. Ke3 Re6+ 66. Kd3 $1 Ke5 67. Ke3 $1 d5 (67... h5 $5) 68. Rd8 Rf6 (68... d4+ $5 69. Rxd4 Rb6 70. Re4+ Kd5 71. Rd4+ Ke6 $11) 69. Re8+ Re6 70. Rd8 Ra6 {aiming for ...Ra3+.} (70... d4+ $5 71. Rxd4 Rc6 $11) 71. Re8+ Kf6 {...Re6+ is the strong threat.} 72. Kd4 Ra3 73. Kxd5 Rxh3 74. Re6+ Kf7 {Hoping for ...Rd3+.} 75. Re4 Rf3 76. Ke5 Kg6 {Strongly threatening ...h5.} 77. Ra4 Re3+ 78. Kd4 Re6 {Black wants to play ...h5.} 79. Kd5 Rb6 {White should prevent ...h5.} 80. Ke5 $2 {[%mdl 8192] [#]} (80. Ke4 $11) 80... h5 $1 $19 {[%cal Rh5g4]} 81. gxh5+ Kxh5 82. Ke4 Kg4 83. Ke3+ Kg3 84. Ke2 Rf6 85. Ra3+ Kg2 86. Ra4 Rf4 87. Ra5 g4 {[%cal Bg5g4,Bg4g3,Bg3g2][%mdl 32]} 88. Ke3 Rf3+ 89. Ke2 g3 90. Rg5 Rf6 91. Re5 Kg1 92. Ke1 g2 93. Re8 Kh2 94. Rh8+ Kg3 95. Rg8+ Kf3 96. Rg7 Re6+ 97. Kd1 Re4 98. Kd2 Rf4 99. Ke1 Re4+ (99... Rf6 $142 100. Kd2 Rf4 101. Rg8 Rg4 102. Rf8+ Kg3 103. Rd8 g1=Q 104. Rd7 Qc5 105. Kd1 Qf5 106. Kd2 Qxd7+ 107. Kc3 Qc7+ 108. Kd2 Rd4+ 109. Ke1 Qe5+ 110. Kf1 Rd1#) 100. Kd2 Kf2 {Black mates.} 101. Rf7+ Kg3 102. Rg7+ Rg4 {Precision: White = 47%, Black = 55%.} 0-1